Groupe du FC Nantes en finale de CDF 2022 - Statistiques

Statistiques générales
  • Ce quiz a été pris 80 fois
  • Le résultat moyen est 12 sur 20
Statistiques - réponses
Numero Joueurs % Correct
1 Alban Lafont
100%
10 Ludovic Blas
98%
4 Nicolas Pallois
97%
5 Pedro Chirivella
92%
27 Moses Simon
89%
29 Randal Kolo muani
85%
21 Jean-charles Castelletto
77%
3 Andrei Girotto
76%
29 Quentin Merlin
76%
16 Remy Descamps
71%
11 Marcus Coco
65%
18 Samuel Moutoussamy
58%
2 Fabio
44%
24 Sebastien Corchia
37%
8 Wylan Cyprien
34%
26 Osman Bukari
26%
12 Dennis Appiah
24%
6 Roli Perreira de sa
19%
20 Jean kevin Augustin
13%
7 Kalifa Coulibay
0%
Aucun quiz correspondant
Distribution des résultats
% des personnes avec chaque résultat
Percentile par nombre de réponses
Votre historique - résultats
Vous n’avez pas pris ce quiz